000 00445nam a2200157Ia 4500
003 OSt
005 20200629152713.0
008 190216s9999||||xx |||||||||||||| ||und||
040 _coclc
082 _a954.83
_bBRI/C
100 _aBristow, Robert
_93329
245 0 _aCochin Saga /
_cRobert Bristow
260 _bPaico Pub.House,
_c1967.
_aEranamkulam:
300 _a364p
942 _cBK
_2ddc
_h954.83
_iBRI/C
_k954.83
_mBRI/C
999 _c19735
_d19735